<?xml version="1.0" encoding="UTF-8"?>
<record
    xmlns:xsi="http://www.w3.org/2001/XMLSchema-instance"
    xsi:schemaLocation="http://www.loc.gov/MARC21/slim http://www.loc.gov/standards/marcxml/schema/MARC21slim.xsd"
    xmlns="http://www.loc.gov/MARC21/slim">

  <leader>01311nam a2200277Ia 4500</leader>
  <datafield tag="999" ind1=" " ind2=" ">
    <subfield code="c">4437</subfield>
    <subfield code="d">4437</subfield>
  </datafield>
  <controlfield tag="003">OSt</controlfield>
  <controlfield tag="005">20200327122037.0</controlfield>
  <controlfield tag="008">191128s2014    ck a   gr     000 0 spa d</controlfield>
  <datafield tag="020" ind1=" " ind2=" ">
    <subfield code="a">9789588242330</subfield>
  </datafield>
  <datafield tag="040" ind1=" " ind2=" ">
    <subfield code="a">CO-JMCR</subfield>
    <subfield code="c">CO-JMCR</subfield>
  </datafield>
  <datafield tag="041" ind1=" " ind2=" ">
    <subfield code="a">spa</subfield>
  </datafield>
  <datafield tag="082" ind1="0" ind2="4">
    <subfield code="a">027.006 /</subfield>
    <subfield code="b">G643i </subfield>
  </datafield>
  <datafield tag="100" ind1="1" ind2=" ">
    <subfield code="a">Gonz&#xE1;lez Fl&#xF3;rez, John Alexander, </subfield>
    <subfield code="e">coordinador</subfield>
    <subfield code="9">1250</subfield>
  </datafield>
  <datafield tag="245" ind1="1" ind2="0">
    <subfield code="a">Implementaci&#xF3;n de un programa de gesti&#xF3;n documental PGD /</subfield>
    <subfield code="c">John Alexander Gonz&#xE1;lez Fl&#xF3;rez, Jorge William Triana Torres, Wilson Ramiro S&#xE1;nchez Yopaza, Alba fabiola Rinc&#xF3;n Herrera </subfield>
  </datafield>
  <datafield tag="260" ind1=" " ind2=" ">
    <subfield code="a">Bogot&#xE1; : </subfield>
    <subfield code="b">Archivo General de la Naci&#xF3;n,</subfield>
    <subfield code="c">2014</subfield>
  </datafield>
  <datafield tag="300" ind1=" " ind2=" ">
    <subfield code="a">60 p&#xE1;ginas : </subfield>
    <subfield code="b">ilustraciones a blanco y negro ; </subfield>
    <subfield code="c">24 cm.</subfield>
  </datafield>
  <datafield tag="490" ind1="0" ind2=" ">
    <subfield code="a">Manual</subfield>
  </datafield>
  <datafield tag="505" ind1=" " ind2=" ">
    <subfield code="a">Formulaci&#xF3;n del programa de gesti&#xF3;n documental -- Elementos del programa de gesti&#xF3;n documental (Anexo del Decreto 2609 de 2012) -- Lineamientos para los preocesos de gesti&#xF3;n documental -- Fases de Implementaci&#xF3;n</subfield>
  </datafield>
  <datafield tag="546" ind1=" " ind2=" ">
    <subfield code="a">spa</subfield>
  </datafield>
  <datafield tag="650" ind1="1" ind2="4">
    <subfield code="a">Gesti&#xF3;n documental</subfield>
    <subfield code="x">Manuales Administraci&#xF3;n de archivos</subfield>
    <subfield code="9">1251</subfield>
  </datafield>
  <datafield tag="650" ind1="2" ind2="4">
    <subfield code="a">Principios archiv&#xED;sticos </subfield>
    <subfield code="9">1252</subfield>
  </datafield>
  <datafield tag="700" ind1="1" ind2=" ">
    <subfield code="a">Triana Torres, Jorge William, </subfield>
    <subfield code="e">Coordinador </subfield>
    <subfield code="9">1247</subfield>
  </datafield>
  <datafield tag="700" ind1="1" ind2=" ">
    <subfield code="a">S&#xE1;nchez Yopaza, Wilson Ramiro,</subfield>
    <subfield code="e">coordinador </subfield>
    <subfield code="9">1253</subfield>
  </datafield>
  <datafield tag="700" ind1="1" ind2=" ">
    <subfield code="a">Rinc&#xF3;n Herrera, Alba Fabiola,</subfield>
    <subfield code="d">Coordinadora </subfield>
    <subfield code="9">1254</subfield>
  </datafield>
  <datafield tag="942" ind1=" " ind2=" ">
    <subfield code="2">ddc</subfield>
    <subfield code="c">BK</subfield>
  </datafield>
  <datafield tag="952" ind1=" " ind2=" ">
    <subfield code="0">0</subfield>
    <subfield code="1">0</subfield>
    <subfield code="2">ddc</subfield>
    <subfield code="3">Donaci&#xF3;n--16/11/2018--</subfield>
    <subfield code="4">0</subfield>
    <subfield code="7">0</subfield>
    <subfield code="a">CPL</subfield>
    <subfield code="b">CPL</subfield>
    <subfield code="d">2019-11-28</subfield>
    <subfield code="e">Donaci&#xF3;n</subfield>
    <subfield code="g">0.00</subfield>
    <subfield code="l">1</subfield>
    <subfield code="o">027.006 / G643i </subfield>
    <subfield code="p">201809301</subfield>
    <subfield code="r">2024-05-16 00:00:00</subfield>
    <subfield code="s">2020-02-21</subfield>
    <subfield code="t">Ej.1</subfield>
    <subfield code="w">2019-11-28</subfield>
    <subfield code="y">BK</subfield>
  </datafield>
</record>
